| 000 | 00467nam a2200157Ia 4500 | ||
|---|---|---|---|
| 999 |
_c11993 _d11993 |
||
| 003 | OSt | ||
| 005 | 20201005125447.0 | ||
| 008 | 190216s9999||||xx |||||||||||||| ||und|| | ||
| 040 | _coclc | ||
| 082 |
_a823.09 _bCRO/D |
||
| 100 |
_aCross, Wilbur I _95081 |
||
| 245 | 0 |
_aThe Development Of The English Novel / _cWilbur l Cross |
|
| 260 |
_bLyall Book Depot, _c1968. _aLudhiana: |
||
| 300 | _a329p | ||
| 942 |
_cBK _2ddc _h823.09 _iCRO/D _k823.09 _mCRO/D |
||